000 00411nam a22001817a 4500
003 OSt
005 20220325131505.0
008 220325b |||||||| |||| 00| 0 eng d
020 _a0415283752
040 _cHU
082 _a910.283
100 _aWorboys Michael
_934097
245 _aGIS A Computing Perspective
250 _a2ed
260 _aNew York
_bNew York
300 _f426
942 _2ddc
_cBOOKS
_n0
999 _c33612
_d33612